| 000 | 00761nam a2200217Ia 4500 | ||
|---|---|---|---|
| 008 | 130821s1959 sp gr spa | ||
| 040 |
_aCo-BoUCM _bspa |
||
| 041 | 0 | 0 | _aspa |
| 100 | 1 | _aVirgilio | |
| 245 | 1 | 3 |
_aLa Eneida seguida de las bucólicas y geórgicas _cPublio Virgilio Marón ; traducción del latin, prólogo y notas por Miguel Querol. |
| 260 |
_aBarcelona (España) _bDiamante _c1959 |
||
| 300 | _a405 páginas | ||
| 490 | _aObras Maestras | ||
| 501 | _aBucólicas y Geórgicas | ||
| 650 | 0 | 4 |
_aLiteratura Latina _97796 |
| 650 | 0 | 4 |
_aPoesía épica latina _921807 |
| 650 | 0 | 4 |
_aPoesía latina _921826 |
| 700 | 1 |
_aQuerol, Miquel _d1912-2002 _etrad. |
|
| 942 |
_cLIBRO _a18 _e1 _mV816eb _2DEWEY _h873.01 _n0 |
||
| 999 |
_c22220 _d22220 |
||